Návrh a tvorba webovej mapovej aplikácie so zameraním na navigáciu vo vnútorných priestoroch

Gespeichert in:
Bibliographische Detailangaben
1. Verfasser: Seres, Csaba (Verfasst von)
Weitere Verfasser: Ďuračiová, Renata (Betreuung Doktorarbeit)
Format: Manuskript Buch
Sprache:Slowakisch
Veröffentlicht: 2016
Schlagworte:
Online-Zugang:http://is.stuba.sk/zp/portal_zp.pl?podrobnosti=132240
https://opac.crzp.sk/?fn=detailBiblioForm&sid=41728D440EB1EF6291101B8922FE
Tags: Tag hinzufügen
Keine Tags, Fügen Sie das erste Tag hinzu!

MARC

LEADER 00000ntm a22000003a 4500
001 stuzp57088
003 SK-STU
005 20231004150053.4
007 ta
008 150427s2015----xo-----f-mn---000-0-slo-d
040 |a STU  |b slo 
041 0 |a slo 
100 1 |a Seres, Csaba  |u 010130  |4 aut  |U SvF Stavebná fakulta  |T SvF Katedra geodetických základov  |X 9668  |U V130  |Y 13  |7 A000009668 
242 0 1 |a Design and creation of Web-map application for indoor navigation  |y eng 
245 1 0 |a Návrh a tvorba webovej mapovej aplikácie so zameraním na navigáciu vo vnútorných priestoroch 
260 |c 2016 
650 4 |a vnútorná navigácia  |2 slo 
650 4 |a komplex budov  |2 slo 
650 4 |a sieťová analýza  |2 slo 
650 4 |a webová mapová aplikácia  |2 slo 
650 4 |a akcelerometer  |2 slo 
650 4 |a gyroskop  |2 slo 
650 4 |a indoor navigation  |2 eng 
650 4 |a building complex  |2 eng 
650 4 |a network theory  |2 eng 
650 4 |a Web-map application  |2 eng 
650 4 |a accelerometer  |2 eng 
650 4 |a gyroscope  |2 eng 
700 1 |a Ďuračiová, Renata  |u 010130  |k Z1  |4 ths  |U SvF Stavebná fakulta  |T SvF Katedra geodetických základov  |X 950  |U V130  |Y 13  |7 A000000950 
856 4 |u http://is.stuba.sk/zp/portal_zp.pl?podrobnosti=132240 
856 4 |u https://opac.crzp.sk/?fn=detailBiblioForm&sid=41728D440EB1EF6291101B8922FE 
SQL |a stuzp57088  |b DDP  |c SLO  |d Návrh a tvorba webovej mapovej aplikácie so zameraním na navigáciu vo vnútorných priestoroch  |e 9668  |f Seres, Csaba  |g 010130  |h 950  |i Ďuračiová, Renata  |j 20160616  |k 1205  |l 01  |m http://is.stuba.sk/zp/portal_zp.pl?podrobnosti=132240  |n I-GKK  |o 5.1.3. geodézia a kartografia